| 000 | 00551nam a2200169 i 4500 | ||
|---|---|---|---|
| 001 | 92127 | ||
| 003 | ES-MaACL | ||
| 005 | 20230906180913.0 | ||
| 007 | t| | ||
| 008 | 050221s1958 cu ||||1| spa d | ||
| 100 | 1 |
_aLezama Lima, José. _972118 |
|
| 245 | 1 | 0 |
_aUniversidad Central de las Villas _b: Tratados en La Habana / _cpor José Lezama Lima. |
| 260 |
_a[La Habana] : _bDepartamento de Relaciones Culturales, _c1958. |
||
| 300 |
_a415 p. ; _c20 cm. |
||
| 710 | 2 |
_aUniversidad Central de Las Villas. _97082 |
|
| 852 |
_aES-MaACL _jC-14822 _bR.42815 |
||
| 999 |
_c92127 _d92127 |
||